000 00338nam a22001217a 4500
082 _aT-192
100 _aSyed Kamran Nazim banuri
_950876
245 _aAnalysis of security check-post wall panels against blast loading
260 _aRisalpur
_bMCE
_cxxi,112p.
526 _a0
_b0
_c0
_dT_192
526 _a0
_b0
_c0
_dT_192
942 _2ddc
_cBK
999 _c553606
_d553606